00780nas a2200229Ia 4500001001200000003001000012008004100022040002500063041001300088100002000101210001400121222001400135245004500149250001100194260000900205501012300214300001400337362001700351500014200368650002900510700001100539dd26-37309 IT-MiCISF161014c99999999xx |||||||||||| ||und|| aIT-MiCISFcIT-MiCISF aITALIANO aNovara Daniele  aConflitti aConflitti 0aGenitori affettivi o genitori educativi? a1a ed. c2003 bCISF - Centro Internazionale Studi Famiglia - Via Giotto, 36 20145 MILANO (non commercial uses only)cCopyright 2016 app. 15-38 a n. 1 [2003] aSaraceno C., Miscioscia D., Diana R., Milesi M., Magistrali G. Tema: genitorialità€, famiglia, cambiamenti-famiglia, educazione-genitori agenitorialità€vdossier aAA.VV.